000 00542nam a2200217Ia 4500
008 101110s9999 xx 000 0 und d
041 _aMARATHI
082 _bSR35003
100 _aAtrawalkar Shashikant Hari
245 _aVyavsaik arthshastra TYBCOM
260 _c2010
_bSheth prakashan, Mumbai
300 _a223
365 _b100
520 _aEconomics
546 _aMARATHI
630 _aVyavsaik arthshastra TYBCOM
650 _aEconomics
655 _aEconomics
730 _aVyavsaik arthshastra TYBCOM
942 _cBOOK
999 _c827504
_d827501